000 00248nam a22001097a 4500
003 OSt
008 241219b |||||||| |||| 00| 0 eng d
041 _aeng
245 _aKaarshika Vijnana Vyaapanam
260 _bKerala Bhaasha Institute
942 _cBK
999 _c18703
_d18703